| 000 | 00534nam a22001697a 4500 | ||
|---|---|---|---|
| 008 | 090127t xxu||||| |||| 00| 0 eng d | ||
| 022 | _a0973-4813 | ||
| 082 | _a368 | ||
| 245 | _aLife insurance today | ||
| 260 |
_aKolkata _bSushil Kumar Agarwala _c2008- |
||
| 300 |
_av. _c26 cm |
||
| 310 | _amonthly | ||
| 500 | _aAnnual subscription Rs. 400.00 per year | ||
| 650 | _aInsurance | ||
| 942 |
_2ddc _cSR _h368 _mLIF _s1 |
||
| 999 |
_c22425 _d22425 |
||